Movies Quiz

Random Movies Quiz

Klassikko elokuvat Quiz Stats

 Plays Quiz not verified by Sporcle

Challenge
Share
Tweet
Embed
Score 0/26 Timer 16:00
0 Plays Today
Hint Answer % Correct
L.A. Nights
75%
Hot Fuzz
75%
drive angry
75%
leaving las vegas
75%
ghost rider
75%
sel8nne
75%
winter's bone
75%
twelve monkeys
50%
intouchables
50%
face off
50%
next
50%
snake eyes
50%
hobitti
50%
Hint Answer % Correct
kuningas litmanen
50%
the darkest hour
50%
expendables
50%
rocky
50%
paluu tulevaisuuteen
50%
v for vendetta
50%
pappi lukkari talonpoika vakooja
25%
kauna
25%
hostel
25%
kulman pallo
25%
miss farkku suomi
25%
revolver
25%
100 kimmaa
25%

You're not logged in!

Compare scores with friends on all Sporcle quizzes.
Join for Free
OR
Log In

You Might Also Like...

Show Comments

Extras

Created Dec 25, 2013ReportNominate

Top Quizzes Today


Score Distribution

Your Account Isn't Verified!

In order to create a playlist on Sporcle, you need to verify the email address you used during registration. Go to your Sporcle Settings to finish the process.

Report this User

Report this user for behavior that violates our Community Guidelines.

Details: